NLSUI OPAC header image

Caste : Its twentieth century avatar (Record no. 9275)

MARC details
000 -LEADER
fixed length control field 01379nam a2200217Ia 4500
003 - CONTROL NUMBER IDENTIFIER
control field OSt
005 - DATE AND TIME OF LATEST TRANSACTION
control field 20210326112459.0
008 - FIXED-LENGTH DATA ELEMENTS--GENERAL INFORMATION
fixed length control field 160316s1996 xxu||||| |||| 00| 0 eng d
020 ## - INTERNATIONAL STANDARD BOOK NUMBER
International Standard Book Number 9780140257601
040 ## - CATALOGING SOURCE
Transcribing agency n
082 ## - DEWEY DECIMAL CLASSIFICATION NUMBER
Classification number 305.500000
Item number SRI
100 ## - MAIN ENTRY--PERSONAL NAME
Personal name Srinivas M N
245 ## - TITLE STATEMENT
Title Caste : Its twentieth century avatar
260 ## - PUBLICATION, DISTRIBUTION, ETC.
Place of publication, distribution, etc. New Delhi
Name of publisher, distributor, etc. Viking Publishers Pvt Ltd.
Date of publication, distribution, etc. 1996
300 ## - PHYSICAL DESCRIPTION
Extent 306
365 ## - TRADE PRICE
Price amount 300/-
505 ## - FORMATTED CONTENTS NOTE
Formatted contents note Introduction/M.N. Srinivas.<br/>1. Caste and women/Leela Dube.<br/>2. The political economy of caste/M.N. Panini.<br/>3. Caste and Hinduism: changing protean relationship/N. Jayaram.<br/>4. Caste in contemporary rural India/G.K. Karanth.<br/>5. Backward class movements in Tamil Nadu/P. Radhakrishnan.<br/>6. Backward castes and social change in UP and Bihar/Meenakshi Jain.<br/>7. Buddhism, conversion and identity: a case study of village Mahars/Neera Burra.<br/>8. The judicial and sociological view of other backward classes/A.M. Shah.<br/>9. Job reservation and efficiency/A.M. Shah.<br/>10. Mandal Commission Report: a sociological critique/P. Radhakrishnan.<br/>11. The Mandal judgement: a brief description and critique/B. Sivaramayya.<br/>12. Social stratification among Muslims in India/Zarina Bhatty.<br/>13. Caste among Christians in India/J. Tharamangalam.<br/>Notes on the contributors.<br/>Index.
650 ## - SUBJECT ADDED ENTRY--TOPICAL TERM
Topical term or geographic name entry element 1.Sociology - Caste
700 ## - ADDED ENTRY--PERSONAL NAME
Personal name
--
942 ## - ADDED ENTRY ELEMENTS (KOHA)
Source of classification or shelving scheme Dewey Decimal Classification
Koha item type BOOKs
Holdings
Withdrawn status Lost status Damaged status Not for loan Home library Current library Shelving location Date acquired Cost, normal purchase price Total Checkouts Full call number Barcode Date last seen Price effective from Koha item type
        NLS NLS   30/05/2017 300.00   305.5 SRI 9547 14/06/2024 30/05/2017 BOOKs